Tough Choices: Literature Edition Quiz Stats

 Plays Quiz Updated May 9, 2016

Challenge
Share
Tweet
Embed
Score 0/20 Timer 07:00
2 Plays Today
Column A (Type A if Higher) A or B? % Correct
Harry Potter's siblings???
93.7%
Books in The Chronicles of Narnia series???
85.5%
Ray Bradbury's Fahrenheit temperature???
85.3%
Katniss' district in The Hunger Games???
75.3%
Books in the Twilight series???
75%
Words in Leo Tolstoy's War and Peace???
74.3%
'The answer to... everything', according to
The Hitchhiker's Guide to the Galaxy
???
70.7%
Characters that die in Mary Shelley's Frankenstein???
69.4%
Dollars spent by Thoreau on his cabin at Walden???
69.1%
Chapters in The Scarlet Letter???
69.1%
Column A (Type A if Higher) A or B? % Correct
Publication year of The Great Gatsby???
66.8%
Number of times Buck changed owners in Call of the Wild???
62.4%
Age at death of Edgar Allan Poe???
60%
Scenes in A Streetcar Named Desire???
59.4%
Plays in August Wilson's Century Cycle???
53.9%
Shakespearean comedies???
53.6%
Lines in a sonnet???
47%
Pulitzer Prizes won by Ernest Hemingway???
46.3%
Years Odysseus spent away from Ithaca (The Odyssey)???
36.6%
Number of times 'phony' is used in Catcher in the Rye???
30%

You're not logged in!

Compare scores with friends on all Sporcle quizzes.
OR
Log In

You Might Also Like...

Show Comments

Extras

Top Quizzes Today


Score Distribution

Your Account Isn't Verified!

In order to create a playlist on Sporcle, you need to verify the email address you used during registration. Go to your Sporcle Settings to finish the process.

Report this User

Report this user for behavior that violates our Community Guidelines.

Details: